Strategic public relations leadership (Record no. 12743)
[ view plain ]
| 000 -LEADER | |
|---|---|
| fixed length control field | 01240nam a2200313Ia 4500 |
| 001 - CONTROL NUMBER | |
| control field | 9780203384732 |
| 003 - CONTROL NUMBER IDENTIFIER | |
| control field | BD-DhSAU |
| 005 - DATE AND TIME OF LATEST TRANSACTION | |
| control field | 20151012151720.0 |
| 006 - FIXED-LENGTH DATA ELEMENTS--ADDITIONAL MATERIAL CHARACTERISTICS | |
| fixed length control field | a|||||s||||||||||| |
| 007 - PHYSICAL DESCRIPTION FIXED FIELD--GENERAL INFORMATION | |
| fixed length control field | cr|||| |
| 008 - FIXED-LENGTH DATA ELEMENTS--GENERAL INFORMATION | |
| fixed length control field | 130703s2013 enka sb 001 0 eng d |
| 020 ## - INTERNATIONAL STANDARD BOOK NUMBER | |
| International Standard Book Number | 9780203384732 (e-book : PDF) |
| 040 ## - CATALOGING SOURCE | |
| Original cataloging agency | BD-DhSAU |
| Transcribing agency | BD-DhSAU |
| 090 ## - LOCALLY ASSIGNED LC-TYPE CALL NUMBER (OCLC); LOCAL CALL NUMBER (OCLC) | |
| Classification number (OCLC) (R) ; Classification number, CALL (RLIN) (NR) | HD59 |
| Local cutter number (OCLC) ; Book number/undivided call number, CALL (RLIN) | .G687 2013 |
| 092 ## - LOCALLY ASSIGNED DEWEY CALL NUMBER (OCLC) | |
| Classification number | 659.2 |
| Item number | G822 |
| 100 1# - MAIN ENTRY--PERSONAL NAME | |
| Personal name | Gregory, Anne, |
| Dates associated with a name | 1953- |
| 245 10 - TITLE STATEMENT | |
| Title | Strategic public relations leadership |
| Medium | [electronic resource] / |
| Statement of responsibility, etc. | Anne Gregory and Paul Willis. |
| 260 ## - PUBLICATION, DISTRIBUTION, ETC. (IMPRINT) | |
| Place of publication, distribution, etc. | Abingdon, Oxon ; |
| -- | New York, N.Y. : |
| Name of publisher, distributor, etc. | Routledge, |
| Date of publication, distribution, etc. | 2013. |
| 300 ## - PHYSICAL DESCRIPTION | |
| Extent | viii, 164 p. : |
| Other physical details | ill. |
| 504 ## - BIBLIOGRAPHY, ETC. NOTE | |
| Bibliography, etc | Includes bibliographical references and index. |
| 505 0# - FORMATTED CONTENTS NOTE | |
| Formatted contents note | pt. 1. The strategic contribution of public relations -- pt. 2. The preoccupations of public relations leaders -- pt. 3. The responsibilities of public relations leaders. |
| 530 ## - ADDITIONAL PHYSICAL FORM AVAILABLE NOTE | |
| Additional physical form available note | Also available in print edition. |
| 538 ## - SYSTEM DETAILS NOTE | |
| System details note | Mode of access: World Wide Web. |
| 650 #0 - SUBJECT ADDED ENTRY--TOPICAL TERM | |
| Topical term or geographic name as entry element | Public relations |
| General subdivision | Management. |
| 655 #7 - INDEX TERM--GENRE/FORM | |
| Genre/form data or focus term | Electronic books. |
| Source of term | lcsh |
| 700 1# - ADDED ENTRY--PERSONAL NAME | |
| Personal name | Willis, Paul A. |
| 776 1# - ADDITIONAL PHYSICAL FORM ENTRY | |
| International Standard Book Number | 9780415667944 (hardback) |
| -- | 9780415667951 (pbk.) |
| 856 40 - ELECTRONIC LOCATION AND ACCESS | |
| Uniform Resource Identifier | <a href="http://www.tandfebooks.com/isbn/9780203384732">http://www.tandfebooks.com/isbn/9780203384732</a> |
No items available.
